| 000 | 00749cam a2200193 a 4500 | ||
|---|---|---|---|
| 001 | 000001895 | ||
| 005 | 20200929145740.0 | ||
| 008 | 760818s1967 onc b 001 0 eng | ||
| 040 |
_aDO-SdBNP _bspa _cBNPHU |
||
| 082 |
_a971.04 _bR121r |
||
| 245 | 0 | 0 |
_aRacism or responsible government : _bthe french canadian dilemma of the 1840's / _ctraducción, edición y selección, Elizabeth Nish. |
| 260 |
_aToronto : _bThe Copp Clark Publishing Company, _c1967. |
||
| 300 |
_aviii, 184 p. ; _c23 cm. |
||
| 490 | 1 | _aIssues in Canadian history | |
| 651 | 4 |
_aCánada _xHistoria _y1841-1867. _96179 |
|
| 651 | 4 |
_aQuebec (Provincia{Rpara} _xHistoria _96180 |
|
| 700 | 1 |
_aNish, Margaret Elizabeth Abbott, _d1942- _etr. _96181 |
|
| 830 | 0 |
_aIssues in Canadian history _96182 |
|
| 999 |
_c1767 _d1767 |
||